Southville International School and Colleges
Your cart is empty.
  • Cart
  • Lists
    Public lists Eva Luna New books Lux_list list_1
    Your lists Log in to create your own lists
  • Log in to your account
  • Your cookies
  • Search history
Southville International School and Colleges
  • Advanced search
  • Recent comments
  • Most popular
  • Libraries

Log in to your account

Log in with GOOGLE


If you do not have an external account, but do have a local account, you can still log in:

  1. Home
  2. MARC view: Strategic human resource management:
Normal view MARC view ISBD view

Strategic human resource management: (Record no. 21011)

[ view plain ]
MARC details
000 -LEADER
fixed length control field 00661nam a2200205 a 4500
005 - DATE AND TIME OF LATEST TRANSACTION
control field 20140310183302.0
008 - FIXED-LENGTH DATA ELEMENTS--GENERAL INFORMATION
fixed length control field 050704s19uu xx 00 eng d
020 ## - INTERNATIONAL STANDARD BOOK NUMBER
International Standard Book Number 013028260-x
050 ## - LIBRARY OF CONGRESS CALL NUMBER
Classification number JK 765
Item number .D36 2002
100 ## - MAIN ENTRY--PERSONAL NAME
Personal name Daley, Dennis M.
245 ## - TITLE STATEMENT
Title Strategic human resource management:
Remainder of title people and performance management in the public sector./
Statement of responsibility, etc Dennis M. Daley.
260 ## - PUBLICATION, DISTRIBUTION, ETC. (IMPRINT)
Place of publication, distribution, etc New Jersey :
Name of publisher, distributor, etc Prentice Hall,
Date of publication, distribution, etc 2002.
300 ## - PHYSICAL DESCRIPTION
Extent 390 p. :
Dimensions 24 cm.
521 ## - TARGET AUDIENCE NOTE
Target audience note
650 ## - SUBJECT ADDED ENTRY--TOPICAL TERM
Topical term or geographic name as entry element Civil service
General subdivision United States
-- Personnel management.
650 ## - SUBJECT ADDED ENTRY--TOPICAL TERM
Topical term or geographic name as entry element Personnel management.
650 ## - SUBJECT ADDED ENTRY--TOPICAL TERM
Topical term or geographic name as entry element Strategic planning.
942 ## - ADDED ENTRY ELEMENTS (KOHA)
Koha item type Books
Source of classification or shelving scheme Library of Congress Classification
Call number prefix Foreign
Holdings
Withdrawn status Lost status Source of classification or shelving scheme Damaged status Home library Current library Shelving location Date acquired Total Checkouts Full call number Barcode Date last seen Date checked out Copy number Price effective from Koha item type
    Library of Congress Classification   College Library College Library General Circulation Section 07/04/2005 1 JK 765 .D36 2002 C6010 05/15/2018 06/15/2016 1 03/10/2014 Books

Strategic human resource management:

APA

Daley D. M., . (2002). Strategic human resource management. New Jersey: Prentice Hall.

Chicago

Daley Dennis M, . 2002. Strategic human resource management. New Jersey: Prentice Hall.

Harvard

Daley D. M., . (2002). Strategic human resource management. New Jersey: Prentice Hall.

MLA

Daley Dennis M, . Strategic human resource management. New Jersey: Prentice Hall. 2002.

  • Place hold
  • Print
  • Cite
  • Add to your cart (remove)
  • Save record
    BIBTEX Dublin Core MARCXML MARC (non-Unicode/MARC-8) MARC (Unicode/UTF-8) MARC (Unicode/UTF-8, Standard) MODS (XML) RIS
  • More searches
    Search for this title in:
    Other Libraries (WorldCat) Other Databases (Google Scholar) Online Stores (Bookfinder.com) Open Library (openlibrary.org)

Exporting to Dublin Core...

SOUTHVILLE LIBRARY

Southville International School and Colleges Library

1281 Tropical Ave. Cor. Luxembourg St., BF Homes International, Las Pinas City

Tel. No. 8256374 / 252358 Loc. 117/146

Powered by Koha